Regions of Italy by Borders in 15 Seconds - Statistics

General Stats
  • This quiz has been taken 981 times
  • The average score is 13 of 20
Answers on the Map
Answers color-coded by a green-red scale on the quiz's map according to % correct below.
 
Answer Stats
Region % Correct
Emilia-Romagna
90%
Lazio
87%
Tuscany
87%
Umbria
82%
Piedmont
80%
Marche
78%
Lombardy
77%
Liguria
76%
Trentino-Alto Adige
70%
Campania
69%
Molise
69%
Abruzzo
60%
Veneto
60%
Basilicata
56%
Sicily
56%
Apulia
55%
Friuli-Venezia Giulia
51%
Aosta Valley
50%
Sardinia
45%
Calabria
37%
No matching quizzes found
Score Distribution
Percent of People with Each Score
Percentile by Number Answered
Your Score History
You have not taken this quiz